Rendőrt keres a város
Oznam o tom, že mesto Humenné prijme osobu do funkcie mestského policajta. Plat bude mať 600 korún ročne, 120 korún príplatok na bývanie a okrem toho ošatenie a obuv na leto i na zimu.
| Médium: | Článok |
|---|---|
| Jazyk: | Hungarian |
| Témy: | |
| Zdroj: |
1. Homonna és Vidéke : Hetilap 1. Roč. 13, č. 30 (20.07.1913) s. 3 |
| LEADER | 00950nab#a2200301#ar4500 | ||
|---|---|---|---|
| 001 | 000072013 | ||
| 003 | SVKKK | ||
| 005 | 20020117xxxxxxx. | ||
| 008 | 06 c xo huno | ||
| FMT | |||
| 038 | |a SVKKK | ||
| 040 | |a SVKKK |b slo |e AACR2 | ||
| 041 | 0 | |a hun | |
| 044 | |a xo |c SK | ||
| 080 | |a 351 | ||
| 242 | 1 | 0 | |a Mesto hľadá policajta |
| 245 | 0 | 0 | |a Rendőrt keres a város |
| 500 | |a mikrofilm | ||
| 520 | 2 | |a Oznam o tom, že mesto Humenné prijme osobu do funkcie mestského policajta. Plat bude mať 600 korún ročne, 120 korún príplatok na bývanie a okrem toho ošatenie a obuv na leto i na zimu. | |
| 650 | 0 | 4 | |a policajt mestský (funkcia) - obsadenie avizované - podmienky prijatia - Humenné - júl 1913 - oznamy |
| 773 | 0 | |t Homonna és Vidéke : Hetilap |g Roč. 13, č. 30 (20.07.1913) s. 3 | |
| 957 | |a Humenné | ||
| 958 | |a DG | ||
| 958 | |a SK | ||
| 974 | |a Ba |d 20020117 | ||
| 992 | |a RBX | ||
| BAS | |||
| 998 | |a RETRO | ||